000 00412nam a22001577a 4500
005 20150427151121.0
008 150427b xxu||||| |||| 00| 0 eng d
020 _a1860630596
040 _cPK-LaUMT
082 _aKHC 301
_bMAR-Z
100 _aMariam Behnam
245 _aZelzelah
_ba woman before her time
_cMariam Behnam
260 _aAbu Dhabi
_bMotivate publishing
_c1994
300 _a232 p.
942 _cBK
999 _c70486
_d70486